000 00495nam a2200157 i 4500
001 39906
003 ES-MaACL
005 20230906160112.0
007 t|
008 030304s1925 sp ||||1| spa d
100 1 _aCandela y Martín, Enrique.
_934453
245 1 0 _aEntre rústicos y letrados
_b: comedia en un acto y en prosa /
_cEnrique Candela.
260 _aMadrid :
_b[s.n.,
_c1925] (
_fImp. Nieto y Cia)
300 _a39 p. ;
_c22 cm.
852 _aES-MaACL
_j1680-F-8
_z.- Ded. ms. del autor
999 _c39906
_d39906